000 01083nam a22001577a 4500
041 _afre
080 _a57
090 _bGUE
100 _aGueldre, Jean de
245 _aLes Animaux.
260 _aAnvers
_bChanteclerc
_c1975
300 _a23
520 _aCest lhistoire fascinante, dans un langage simple et direct, de la relation etroite qui existe entre le milieu de vie des animaux, leur nourriture et leur comportement. Mais les animaux sont relies aux plantes, les plantes a la terre, au soleil, a l eau, aux mineraux, et tout cela a lhomme. Il est partie integrante de cet ensemble, et nn simple spectateur. Ainsi, ces ouvrages sur les animaux ne sont que des chapitres de lhistoire de la vie elle-meme. Ils apporteront aux enfants ( et aux adolescent) une meilleure connaissance de notre planete et leur permettront de comprendre toute la responsbilite de l homme quant a la conservaton de l equilibre de la nature. On sait combien il est aujourdhui menace et une telle prise de conscience est capitale pour lavenir de lhumanite.
650 _aFrench
999 _c280605
_d280605
942 _cBK